Statistics for Washington Wizards All-Time Starting 5

Click here to take the quiz!

General Stats

  • This quiz has been taken 138 times
  • The average score is 3 of 7

Answer Stats

PositionPlayer% Correct
PGJohn Wall
95%
CWes Unseld
84%
PFElvin Hayes
68%
SGGilbert Arenas
59%
SFEarl Monroe
19%
CoachDick Motta
3%
6th ManWalt Bellamy
2%

Score Distribution

Percentile by Number Answered

Percent of People with Each Score

Your Score History

You have not taken this quiz